01290cam a22002891 4500001001300000003000400013005001700017008004100034010001700075035001900092040004400111042001200155050002200167100002500189245012600214260007400340300007500414490005600489500010500545500013900650500008200789650004300871650002100914650002300935650002500958999001700983gs 39000257 DLC20260227111344.0780218s1939 xx 000 0 eng c ags 39000257  a(OCoLC)3648968 aU.S. Geological survey LibrarycOTdDLC apremarc00aQE113b.A2 no. 261 aLee, Wallace,d1883-00aRelation of thickness of Mississippian limestones in central and eastern Kansas to oil and gas deposits,cby Wallace Lee. aLawrence, Kans.,bPrinted by authority of the state of Kansas,c1939. a42 p.billus., III fold. pl. (2 maps, diagr.) tables (1 fold.)c23 cm.0 a[Kansas. University. Geological survey] Bulletin 26 aAt head of title: State geological survey of Kansas. Raymond C. Moore, state geologist and director. aInvestigation conducted under a cooperative agreement between the federal Geological survey and the State geological survey of Kansas. aOn cover: Bulletin of the University of Kansas. v. 40, no. 12, June 15, 1939. 0aGeology, StratigraphicyCarboniferous. 0aGeologyzKansas. 0aPetroleumzKansas. 0aNatural gaszKansas. c27576d27576